000 01108nam a2200301 i 4500
003 DO-SdBNP
005 20250825102620.0
007 ta
008 250825t2025 dr 000 0 spa d
020 _z9789945949896
040 _aDO-SdBNP
_bspa
_cBNPHU
_erda
041 _aspa
082 _axxxx
_bR696
_222
100 1 _aRodríguez, Noelby Joel1983-
_eautor
_4aut.
_988485
245 1 0 _aCaminando bajo la autoridad de Dios /
_cNoelby Joel Rodríguez ; prólogo, Osvaldo Torres
250 _aPrimera edición
264 1 _aSanto Domingo :
_bPublicaciones GenTv,
_c2025.
300 _a104 páginas
_c22 cm.
336 _atexto
_btxt
_2rdacontent
337 _asin mediación
_bn
_2rdamedia
338 _avolumen
_bnc
_2rdacarrier
500 _aIncluye datos biográficos del autor en la contracubierta.
520 _aTrata sobre la superación de una persona cuando se pone en las manos de Dios, un testimonio de cómo Dios puede exaltar a aquel que busca su rostro.
590 _aInventariado, 2025/ YL
700 1 _aTorres, Osvaldo
_eprologuista
_4pr
_988533
910 _aYLockward
942 _2ddc
_cLBS1
999 _c59814
_d59814